01228nam a22002897a 4500003000400000005001700004008004100021040002200062082001800084100002500102245003000127260006000157300002100217366000800238490002900246505009900275505017500374505001200549650005500561650004700616650004800663650004300711650004500754650005600799650004700855700003600902OSt20230622103946.0221006b |||||||| |||| 00| 0 eng d cBiblioteca Lado V a709.05bG851a aGriffin, Timeeditor aArtforum/bInternacional/ aNew Yorkc2003bNew York editorial and business offices c26.5x27cma162p. eeng aFEBREROv2003x0864-1315 tCOLUMNSaFIRST BREAK BOOKS ON DISC FILM HOTLIST LETTER MUSIC NEWS TOP TEN 10-20-30-40 tFEATURESaTHE HAPPY END OF KIPPENBERGER'S AMERIKA PORTFOLIO: SIMRYN GILL THOMAS HIRSCHHORN A THOUSAND WORDS ARTIST CURATE MISSING IN ACTION OPENINGS: ALEKSANDRA MIR tREVIEWS 2Tesauro de Arte & ArquitecturaaARTE COMTEMPORANEO 2Tesauro de Arte & ArquitecturaaFOTOGRAFIA 2Tesauro de Arte & ArquitecturaaARTE VISUAL 2Tesauro de Arte & ArquitecturaaLIBROS 2Tesauro de Arte & ArquitecturaaNOTICIAS 2 Tesauro de Arte & ArquitecturaaARTE INTERNACIONAL 2 Tesauro de Arte & ArquitecturaaESCULTURA aNavarreta, Jose Antonioeeditor